Normal view
MARC view
Entry Personal Name
001 - CONTROL NUMBER
- control field: 41457
003 - CONTROL NUMBER IDENTIFIER
- control field: dpl
005 - DATE AND TIME OF LATEST TRANSACTION
- control field: 20120210113542.0
008 - FIXED-LENGTH DATA ELEMENTS
- fixed length control field: 120210|||a|||||| | ||| d
040 ## - CATALOGING SOURCE
- Original cataloging agency: dpl
- Transcribing agency: dpl
100 ## - HEADING--PERSONAL NAME
- Personal name: नागराजन, मल्लिका
670 ## - SOURCE DATA FOUND
- Source citation: Work cat.: (dpl)62462: नागराजन, मल्लिका, माही और पेड़ का हाथी /, 2010
670 ## - SOURCE DATA FOUND
- Source citation: Work cat.: (dpl)62462: नागराजन, मल्लिका, माही और पेड़ का हाथी /, 2010
